Biblioteca Parlamentaria
Catálogo en línea

Mae Montaño: “La próxima semana es clave en la lucha contra la corrupción” (Registro nro. 39844)

000 -CABECERA
Campo de control interno nam a22 7a 4500
005 - FECHA Y HORA DE LA CATALOGACION
Campo de control 20171002113104.0
008 - ELEMENTOS DE LONGITUD FIJA - INFORMACION
Elementos de Longitud Fija - Informaci 171002b xxu||||| |||| 00| 0 eng d
040 ## - ORIGEN DE LA CATALOGACION
Origen de la Catalogación ANE
041 ## - CODIGO DE LENGUAJE
Código de lenguaje del texto Es
082 ## - NUMERO DE CLASIFICACION DECIMAL DEWEY
1ra. Clasificación TV-5614
100 ## - ENTREVISTADO
Entrevistado Montaño, Mae
Rol del entrevistado asambleísta (CREO)
245 ## - TÍTULO GENERAL
Título Mae Montaño: “La próxima semana es clave en la lucha contra la corrupción”
260 ## - EDITORIAL
Ciudad Quito
Televisora que emite el programa Teleamazonas-Entrevista
Fecha del Programa 2017-09-29
300 ## - DESCRIPCION
Duración en minutos, horas (del programa) p.
520 ## - RESUMEN
Resumen Al pueblo ecuatoriano le avergüenza escuchar sobre la feria de la corrupción, integrada por funcionarios que formaron una red delincuencial para robar al pueblo, por lo que la próxima semana será clave en la lucha contra ese grupo liderado por el vicepresidente Jorge Glas, así lo afirmó la asambleísta (CREO) Mae Montaño. Pidió al vicepresidente que termine de renunciar de una vez por todas, si tiene algo de dignidad, y al Fiscal Baca Mancheno que actúe, que determine los delitos para enjuiciar a Glas. "Tiene que actuar en la lucha contra la corrupción y la impunidad". Una vez que se reformulen los cargos contra el Vicepresidente, el grupo de CREO presentará de nuevo ante el CAL -con todos los fundamentos- la apertura de un juicio político para que éste "vaya al lugar que le corresponde que es la cárcel, por haber permitido que a través de la asociación ilícita que otros disfrutarán un dinero que podía ser invertido en escuelas y hospitales para los ecuatorianos".

Ecuador Inmediato Asambleísta Mae Montaño: "Hay elementos de convicción para acusar a vicepresidente Glas y a muchos otros, incluido expresidente Correa"
650 ## - DESCRIPTORES - TEMAS
Temas - Descriptores solucitud derenuncia/Mae Montaño/asambleísta (CREO)/Teleamazonas-entrevista/política Ecuador/feria corrupción/lucha contra corrupción/vicepresidente Jorge Glas/Fiscal Baca Mancheno/delitos enjuiciar/Cal/
942 ## - ELEMENTOS DE KOHA
Esquema de Clasificaci
Tipo de Documento Material Multimedia (radio y televisión)
Catalogador IES.
Existencias
Withdrawn status Lost status Fuente de Clasificaci Damaged status Not for loan Ubicaci Biblioteca Fecha de Adquisición Signatura Topogr Código de barras Date last seen Price effective from Tipo de Item
          Biblioteca Asamblea Nacional Biblioteca Asamblea Nacional 2017-10-02 TV-5614 TV-5614 2017-10-02 2017-10-02 Material Multimedia (radio y televisión)
Dirección: Av. 6 de Diciembre y Piedrahita | Quito - Ecuador
Teléfonos: 593-23991000 Ext: 1147/1148
Correo:
archivo.biblioteca@asambleanacional.gob.ec

Soporte: FusionSolutions Cia. Ltda
archivobiblioteca white

Con tecnología Koha